000 01421nam a2200337 c 4500
999 _c187241
_d187241
003 BLK
005 20191003085026.0
008 180411b bul|||||r ||||||| ||bul||
010 _aKNG00196248000
040 _aBLK
041 _aBUL
_cBUL
072 7 _2bullib
_aА
_xФонд Михаил Арнаудов
080 _aКласическа гръцка литература. Старогръцка литература
_b821.142
_x-22
_z821.142-22
100 1 _aАристофан
_eпърви автор
_933430
139 _aАристофан
_bА 84
245 1 0 _aОблаци
_bКомедия
_cАристофан; прев. от ориг. Александър Михайлов Балабанов.
250 _a3. изд.
257 _aDRG
260 _bАлександър Паскалев
_c1925
_fСофия : Фотинов
300 _a88 с.
_c15 см
380 _aX
490 1 _aВсемирна библиотека
_v164
490 _aЧастна колекция - Академик Михаил Арнаудов
_9396381
_gДарение - Основен фонд
500 _a1. изд. 1915. - На кор. означено 4. изд. - Фонд Михаил Арнаудов - мека подв.
659 _aА
700 1 _aБалабанов, Александър Михайлов
_eпрев. от ориг.
_9368000
852 _aЦб І 36974
852 _aМА 1671
856 4 _qpdf
856 4 _qpdf
942 _cKNG
_n0
_s1
944 _aCR
_c16.11.2016
_kГеновева_Генчева
944 _aED
_c16.11.2016
_kГеновева_Генчева
999 _d187241